000 00571nam a2200229Ia 4500
003 OSt
005 20220926044649.0
006 a|||||r|||| 00| 0
007 ta
008 220923b |||||||| |||| 00| 0 eng d
037 _cGeneral Book
040 _aRTL
_cRTL
_beng
041 _2eng
_aeng
082 _aB28, J2;1
100 _aGoulden Cyril H
_9155996
245 0 _aMethods of statistical analysis
250 _a2
260 _c1952
650 _aStatistics
_935791
942 _hB28, J2;1
_cGB
_2CC
999 _c675491
_d675491